King thrushbeard / (Record no. 7141)

MARC details
000 -LEADER
fixed length control field 01348nam a22002777a 4500
001 - CONTROL NUMBER
control field 7141
003 - CONTROL NUMBER IDENTIFIER
control field FISKH
005 - DATE AND TIME OF LATEST TRANSACTION
control field 20250626090010.0
008 - FIXED-LENGTH DATA ELEMENTS--GENERAL INFORMATION
fixed length control field 250625b cb ||||| |||| 00| 0 eng d
020 ## - INTERNATIONAL STANDARD BOOK NUMBER
International Standard Book Number 9788956355221
040 ## - CATALOGING SOURCE
Original cataloging agency FISKH
Language of cataloging eng
Transcribing agency FISKH
Modifying agency FISKh
050 ## - LIBRARY OF CONGRESS CALL NUMBER
Classification number PZ7
082 ## - DEWEY DECIMAL CLASSIFICATION NUMBER
Classification number 800
100 ## - MAIN ENTRY--PERSONAL NAME
Personal name Sormark, Julie
245 ## - TITLE STATEMENT
Title King thrushbeard /
Statement of responsibility, etc. Retold by Julie Sormark : through the art style of Marie Laurencin
260 ## - PUBLICATION, DISTRIBUTION, ETC.
Place of publication, distribution, etc. Seoul :
Name of publisher, distributor, etc. e-future ,
Date of publication, distribution, etc. 2010.
300 ## - PHYSICAL DESCRIPTION
Extent 35 pages :
Other physical details color illustrations ;
Dimensions 23 cm.
490 ## - SERIES STATEMENT
Series statement Art classic stories
505 ## - FORMATTED CONTENTS NOTE
Formatted contents note J <br/>
520 ## - SUMMARY, ETC.
Summary, etc. "King Thrushbeard" is a German fairy tale by the Brothers Grimm about a proud and arrogant princess who mocks all her suitors, including a king with a pointed chin whom she nicknames "King Thrushbeard". Her father, angered by her behavior, vows to marry her to the first beggar who comes to the palace gates. The princess is then forced to marry a traveling musician who is, in reality, King Thrushbeard in disguise. She experiences hardship and humility as a kitchen maid, eventually learning to value hard work and kindness before being revealed as King Thrushbeard's true wife.
521 8# - TARGET AUDIENCE NOTE
Target audience note 500 <br/>
Source Lexile estimate <br/>
521 8# - TARGET AUDIENCE NOTE
Target audience note J <br/>
Source RAz-Plus <br/>
700 ## - ADDED ENTRY--PERSONAL NAME
Personal name Cho, Hyeonji
Relator term Illustrator
942 ## - ADDED ENTRY ELEMENTS (KOHA)
Source of classification or shelving scheme Dewey Decimal Classification
Koha item type Books
Suppress in OPAC No
Holdings
Withdrawn status Lost status Source of classification or shelving scheme Damaged status Not for loan Collection Home library Current library Shelving location Date acquired Total Checkouts Full call number Barcode Date last seen Price effective from Koha item type
    Dewey Decimal Classification     Juvenile Fiction Footprints International School Library Network Toul Tom Poung Campus Footprints International School Library Network Toul Tom Poung Campus TTP Primary Dark Blue Bookshelves 06/25/2025   SOR PZ7 800 FISBK07162 06/25/2025 06/25/2025 Books